000 00385nam a2200157Ia 4500
008 220803s9999 xx 000 0 und d
020 _a978-3-8365-0953-4
041 _aeng
082 _a728 CHA/FIE
100 _aCharlotte Ed.
_922049
245 _aDomus : 1950-1954
260 _aKoln
_bTaschen
_c2006
300 _a580p
650 _aHousing
_922050
700 _aFiell P Ed.
_922051
999 _c14405
_d14405